Malaysian house price index - a pilot study

Bibliographic Details
Main Author: Mohd. Nasir Daud
Corporate Author: INSPEN
Format: Book
Published: Bangi : INSPEN , 1995
Subjects:

MARC

LEADER 00000cam a2200000 7i4500
001 0000007435
005 20070905.0
040 |a INS 
090 0 0 |a RESEARCH 53 
100 0 |a Mohd. Nasir Daud 
245 1 0 |a Malaysian house price index - a pilot study   |c Mohd. Nasir Daud, Lai Fook 
260 |a Bangi :   |b INSPEN ,   |c 1995 
300 |c 30cm. 
500 |a Digital document is available on-line; Please click the URL below 
650 0 0 |a House price index 
710 2 |a INSPEN 
856
999 |a RES0000112   |b BOOK   |c Research By JPPH Staff   |e Default branch